Sustainable MBA (Record no. 326658)

MARC details
000 -LEADER
fixed length control field 00478nam a2200169Ia 4500
008 - FIXED-LENGTH DATA ELEMENTS--GENERAL INFORMATION
fixed length control field 230718s9999 xx 000 0 und d
020 ## - INTERNATIONAL STANDARD BOOK NUMBER
International Standard Book Number 9788126527700
041 ## - LANGUAGE CODE
Language code of text/sound track or separate title eng
082 ## - DEWEY DECIMAL CLASSIFICATION NUMBER
Classification number 658
Item number WEY
100 ## - MAIN ENTRY--PERSONAL NAME
Personal name Weybrecht G.
9 (RLIN) 175226
245 ## - TITLE STATEMENT
Title Sustainable MBA
Remainder of title The Managers To Green Business
260 ## - PUBLICATION, DISTRIBUTION, ETC. (IMPRINT)
Date of publication, distribution, etc. 2010
Name of publisher, distributor, etc. Times Group books
300 ## - PHYSICAL DESCRIPTION
Extent 397
365 ## - TRADE PRICE
Currency code Rs.
Price amount 625.00
700 ## - ADDED ENTRY--PERSONAL NAME
Personal name Weybrecht G.
9 (RLIN) 175226
906 ## - LOCAL DATA ELEMENT F, LDF (RLIN)
d O:0140118-Dec-2010B:641329-Nov-2010
c GENRL
b 156.25
Holdings
Withdrawn status Lost status Damaged status Not for loan Home library Current library Date acquired Vendor Budget Code Cost, normal purchase price Bill number Total Checkouts Full call number Barcode Date last seen Discount Cost, replacement price Bill Date Koha item type Original Barcode
        Cummins College of Engineering for Women Pune Cummins College of Engineering for Women Pune 18/12/2010 Tbs GENRL 468.75 6413   658 CCEP-BK-37865 18/07/2023 156.25 625.00 29/11/2010 Books 037865